00377nam a22001337a 450000500170000000800410001704100120005808200120007010000120008224500380009426000550013230000310018765000250021820240805091717.0240805b |||||||| |||| 00| 0 eng d aEnglish a349 SOU lEnglish aSouth African Law Reports : Natal aPietermariztburg: bThe Natal Witness Ltd, c1933  bliii, 782 pages; c25 cm.  aLegal practice bLaw